Actualidad Jurd̕ica vLex
| Formato: | Desconocido |
|---|---|
| Lenguaje: | español |
| Publicado: |
Barcelona :
vLEX
|
| Materias: | |
| Acceso en línea: | Acceso restringido |
MARC
| LEADER | 00000ny a22000003n 4500 | ||
|---|---|---|---|
| 005 | 20110509143833.0 | ||
| 008 | 950713c19uu9999sp mr 0 b spa | ||
| 035 | |a 1 | ||
| 040 | |d vlex | ||
| 090 | |c 1472 |d 1472 | ||
| 245 | 3 | 0 | |a Actualidad Jurd̕ica vLex |h [Recurso electrn̤ico] |
| 256 | |a Servicio en ln̕ea | ||
| 260 | |a Barcelona : |b vLEX | ||
| 650 | 0 | 4 | |a Derecho |x Publicaciones perid̤icas |
| 740 | 0 | |a vLex Revista (Servicios en ln̕ea) | |
| 843 | |a Electrn̤ica. Abierta | ||
| 853 | |8 1 |i (year) |j (month) |k (day) | ||
| 856 | 4 | 0 | |z Acceso restringido |u http://vlex.com/source/actualidad-juridica-1/section/1 |
| 942 | |c REV | ||